| 000 | 00933nam a2200205 a 4500 | ||
|---|---|---|---|
| 001 | 57809 | ||
| 005 | 20180714054144.0 | ||
| 008 | 140415s1992 mx 000 0 spa d | ||
| 020 | _a9682939941 | ||
| 041 | _aspa | ||
| 082 |
_a306 _bPRE |
||
| 100 | 1 | _aGONZALEZ RAMOS, GILDARDO | |
| 245 | 1 | 4 | _aLOS CORAS |
| 250 | _a1a ed. | ||
| 260 |
_aMEXICO : _bCONSEJO NACIONAL PARA LA CULTURA Y LAS ARTES, _c1992 |
||
| 300 |
_a571 _c13.5 x 1 x 20.9 |
||
| 490 | _aPRESENCIAS | ||
| 520 | _aEL PRESENTE LIBRO OFRECE UN ESTUDIO MUY DETALLADO DE LOS CORAS, REALIZADO AL FINAL DE LA DECADA DE LOS SESENTA, SOBRE SU MEDIO FISICO-GEOGRAFICO, PROBLACION, FORMAS DE COMUNICACION, TRANSPORTE, ALIMENTACION; SU VIDA ECONOMICA Y RELIGIOSA; SU ORGANIACION SOCIAL Y POLITICA ; SU MEDICINA TRADICIONAL Y SU ACCESO A LOS SERVICIOS PUBLICOS. | ||
| 650 | 1 | 4 |
_aINDIGENAS DE MEXICO _xNAYARIT _xCONDICIONES SOCIALES Y CULTURALES _xNAYARIT _xDEMOGRAFIA |
| 999 |
_c57809 _d57809 |
||